[Event "Titled Tuesday intern op 20th Dec Late"]
[Site "Chess.com INT"]
[Date "2022.12.20"]
[Round "8"]
[White "Torres Dominguez, David"]
[Black "Bryant, Todd C"]
[Result "1-0"]
[WhiteElo "1998"]
[BlackElo "2087"]
[PlyCount "41"]
[EventDate "2022.12.20"]
[EventType "swiss (blitz)"]
[EventRounds "11"]
[EventCountry "USA"]
[SourceTitle "EXT 2024"]
[Source "ChessBase"]
[SourceDate "2023.10.10"]
[SourceVersion "1"]
[SourceVersionDate "2023.10.10"]
[SourceQuality "1"]

1. e4 c5 2. Nf3 d6 3. d4 cxd4 4. Nxd4 Nf6 5. Nc3 g6 6. Be3 Bg7 7. f3 0-0 8. Qd2 Nc6 9. 0-0-0 Bd7 10. h4 Rc8 11. h5 Nxh5 12. Nxc6 bxc6 13. Bh6 Bxh6 14. Qxh6 Nf6 15. e5 dxe5 16. Ne4 Re8 17. Bc4 Nh5 18. Ng5 Nf6 19. Bxf7+ Kh8 20. Qxh7+ Nxh7 21. Rxh7# 1-0

[Event "Titled Tuesday intern op 13th Dec Late"]
[Site "Chess.com INT"]
[Date "2022.12.13"]
[Round "1"]
[White "Bryant, Todd C"]
[Black "Rosen, Eric S"]
[Result "1-0"]
[WhiteElo "2087"]
[BlackElo "2356"]
[PlyCount "69"]
[EventDate "2022.12.13"]
[EventType "swiss (blitz)"]
[EventRounds "11"]
[EventCountry "USA"]
[SourceTitle "EXT 2024"]
[Source "ChessBase"]
[SourceDate "2023.10.10"]
[SourceVersion "1"]
[SourceVersionDate "2023.10.10"]
[SourceQuality "1"]

1. e4 c5 2. Nf3 d6 3. d4 Nf6 4. Nc3 cxd4 5. Nxd4 g6 6. Be3 Bg7 7. f3 a6 8. Qd2 h5 9. Bc4 b5 10. Bb3 Bb7 11. 0-0-0 Nbd7 12. Bg5 Qc7 13. Rhe1 Rb8 14. f4 b4 15. Nd5 Nxd5 16. exd5 Nf6 17. f5 Bxd5 18. Bxf6 Bxf6 19. Bxd5 Qc5 20. Nc6 Rb7 21. fxg6 fxg6 22. Re6 Rc7 23. Rde1 Kd7 24. Kb1 Rxc6 25. Bxc6+ Kxc6 26. Qd3 Kb6 27. R6e4 Rc8 28. c3 a5 29. Rc1 h4 30. b3 bxc3 31. Rc4 Qf5 32. Qxf5 gxf5 33. Rxc8 d5 34. R8xc3 Bxc3 35. Rxc3 1-0

[Event "Titled Tuesday intern op 13th Dec Late"]
[Site "Chess.com INT"]
[Date "2022.12.13"]
[Round "2"]
[White "Bryant, Todd C"]
[Black "Tatarinov, Dmitry"]
[Result "0-1"]
[WhiteElo "2087"]
[BlackElo "2310"]
[PlyCount "58"]
[EventDate "2022.12.13"]
[EventType "swiss (blitz)"]
[EventRounds "11"]
[EventCountry "USA"]
[SourceTitle "EXT 2024"]
[Source "ChessBase"]
[SourceDate "2023.10.10"]
[SourceVersion "1"]
[SourceVersionDate "2023.10.10"]
[SourceQuality "1"]

1. e4 c5 2. Nf3 d6 3. d4 cxd4 4. Nxd4 Nf6 5. Nc3 a6 6. Bg5 e6 7. f4 Nbd7 8. Qe2 Qc7 9. 0-0-0 Be7 10. g4 0-0 11. Bxf6 Bxf6 12. g5 Bxd4 13. Rxd4 b5 14. a3 Bb7 15. Bg2 Rac8 16. Rhd1 Nb6 17. Rxd6 Nc4 18. Rd7 Qxf4+ 19. Kb1 Bc6 20. R7d3 a5 21. Rh3 g6 22. Qe1 b4 23. axb4 axb4 24. Ne2 Qe5 25. Nd4 Qxg5 26. Qxb4 Qxg2 27. Rc3 Ne5 28. Qd6 Qxe4 29. Rxc6 Nxc6 0-1

[Event "Titled Tuesday intern op 13th Dec Late"]
[Site "Chess.com INT"]
[Date "2022.12.13"]
[Round "5"]
[White "Joubert, Dantelle"]
[Black "Bryant, Todd C"]
[Result "0-1"]
[WhiteElo "1566"]
[BlackElo "2087"]
[PlyCount "40"]
[EventDate "2022.12.13"]
[EventType "swiss (blitz)"]
[EventRounds "11"]
[EventCountry "USA"]
[SourceTitle "EXT 2024"]
[Source "ChessBase"]
[SourceDate "2023.10.10"]
[SourceVersion "1"]
[SourceVersionDate "2023.10.10"]
[SourceQuality "1"]

1. d4 Nf6 2. c4 g6 3. Nc3 Bg7 4. e4 d6 5. Nf3 0-0 6. Be2 e5 7. dxe5 dxe5 8. Qxd8 Rxd8 9. Bg5 c6 10. Nxe5 Re8 11. f4 Na6 12. 0-0 Nc5 13. Bf3 h6 14. Bh4 g5 15. fxg5 hxg5 16. Bg3 g4 17. Be2 Nfxe4 18. Nxe4 Nxe4 19. Bd3 Nxg3 20. hxg3 Bxe5 0-1